| 000 | 01438cam a2200337 a 4500 | ||
|---|---|---|---|
| 001 | 17066866 | ||
| 005 | 20221031100246.0 | ||
| 008 | 111202s2012 nyua b 001 0 eng | ||
| 010 | _a 2011049036 | ||
| 020 | _a9780230273665 (hardback) | ||
| 040 |
_aDLC _cDLC _dDLC |
||
| 042 | _apcc | ||
| 043 | _aa-ja--- | ||
| 050 | 0 | 0 |
_aHC465.C6 _bH47 2012 |
| 082 | 0 | 0 |
_a306.30952 _bHIS |
| 084 |
_aBUS069020 _aBUS068000 _aBUS016000 _aBUS023000 _2bisacsh |
||
| 245 | 0 | 4 |
_aThe historical consumer : _bconsumption and everyday life in Japan, 1850-2000 / _cedited by Penelope Francks and Janet Hunter. |
| 260 |
_aUnited Kingdom : _bPalgrave Macmillan, _c2012. |
||
| 300 |
_axiii, 329 p. : _bill. ; _c23 cm. |
||
| 650 | 0 |
_aConsumption (Economics) _zJapan _xHistory. _9101769 |
|
| 650 | 0 |
_aConsumer behavior _zJapan _xHistory. _9101770 |
|
| 650 | 7 |
_aBUSINESS & ECONOMICS / International / Economics _2bisacsh. _9101771 |
|
| 650 | 7 |
_aBUSINESS & ECONOMICS / Development / Economic Development _2bisacsh. _993670 |
|
| 650 | 7 |
_aBUSINESS & ECONOMICS / Consumer Behavior _2bisacsh. _9101772 |
|
| 650 | 7 |
_aBUSINESS & ECONOMICS / Economic History _2bisacsh. _993669 |
|
| 700 | 1 |
_aFrancks, Penelope, _d1949- _9101773 |
|
| 700 | 1 |
_aHunter, Janet, _d1948- _9101774 |
|
| 906 |
_a7 _bcbc _corignew _d1 _eecip _f20 _gy-gencatlg |
||
| 942 |
_2ddc _cBK |
||
| 999 |
_c592111 _d592111 |
||